00774 2200265 4500001002100000005001700021008004100038020001800079035002400097082001200121090001900133100001800152245016000170250001500330260002600345300002300371500002900394500001100423650001300434850001000447985000600457999001500463999001500478999001500493YOGYA-0209000007268620090227093639.0 ind  a979-41-4029-5 0010-020900000072686 a346.078 a346.078bIra A aIRAWAN, Bagus aAspek-aspek hukum kepailitan;perusahaan;dan asuransii:b(Analisis Yuridis tentang Kepailitan;perusahaan dan asuransi Manulife dan Prudential)cBagus Irawan aEd.1.Cet.1 aBandungbALUMNIc2007 axviii,348hlmb20cm aBibliografi:hllm 213-216 aIndeks aBangkrut aBPADB a3 a08P0000306 a08P0000307 a08P0000308